Preliminary observations on some RRII clones in smallholdings (Record no. 49802)

MARC details
000 -LEADER
fixed length control field 00625nam a2200145Ia 4500
100 ## - MAIN ENTRY--AUTHOR NAME
Personal name George P.J.
245 #0 - TITLE STATEMENT
Title Preliminary observations on some RRII clones in smallholdings
260 ## - PUBLICATION, DISTRIBUTION, ETC. (IMPRINT)
Name of publisher In: Progress and development of rubber smallholders: Proceedings of the Fourth Seminar, 17-22 July 1980, Colombo, Sri Lanka. (Eds. Pimol Chitman and G.S. Tan). Association of Natural Rubber Producing Countries, Kuala Lumpur, Malaysia, pp. 201-203.
Year of publication 1982
650 ## - SUBJECT ADDED ENTRY--TOPICAL TERM
Topical Term Clone evaluation
650 ## - SUBJECT ADDED ENTRY--TOPICAL TERM
Topical Term RRII clone
650 ## - SUBJECT ADDED ENTRY--TOPICAL TERM
Topical Term Smallholdings
700 ## - ADDED ENTRY--PERSONAL NAME
Personal name Panikkar A.O.N.
942 ## - ADDED ENTRY ELEMENTS (KOHA)
Koha item type Bibliography STAF
Holdings
Withdrawn status Lost status Damaged status Not for loan Home library Current library Shelving location Date acquired Koha item type
      Bibliography RRII Library RRII Library Economics 09/04/2014 Bibliography STAF